| 000 | 00936nam a2200241 4500 | ||
|---|---|---|---|
| 001 | 174565 | ||
| 003 | ES-MaACL | ||
| 005 | 20250709063229.0 | ||
| 008 | 100506s1824 sp p |||| | spa d | ||
| 080 | _a27(460.182) | ||
| 100 | 1 |
_aFlórez, Enrique, _d1702-1773 _9142679 |
|
| 240 | 1 | 0 | _aEspaña sagrada |
| 245 | 1 | 0 |
_aEspaña sagrada. _nTomo XXVII, _pLas igleisas colegiales, monasterios, y santos de la Diócesi de Burgos _b: conventos, parroquias y hospitales de la ciudad / _csu autor Henrique Florez. |
| 250 | _aEdición segunda. | ||
| 260 |
_aMadrid : _bpor D. José del Collado, 1824. |
||
| 300 |
_a[8], 472 p. ; _c20 cm. |
||
| 500 | _aApéndices, 408-469 p. | ||
| 504 | _aÍndice alfabético de las cosas notables del tomo. | ||
| 546 | _aApéndices en latín. | ||
| 651 | 4 |
_aBurgos (Provincia)- _xHistoria eclesiástica. _9142730 |
|
| 852 | 4 |
_aES-MaACL _jR-1617-69 _x C-16767-818 |
|
| 999 |
_c174565 _d174565 |
||